• 首页
  • 本馆介绍
  • 公告通知
  • 最新文献
  • 馆藏检索
  • 电子资源
  • 读者导购
  • 参考咨询
  • 我的图书馆
  • 登录
  • 详细信息显示
  • 放入我的书架
  • 预约/预借图书
  • 作者相关作品
  • 分类相关作品
  • 丛书相关作品
  • 出版社相关作品

书目信息

  • 表格格式
  • 工作单格式
  • 卡片格式
题名:
中华人民共和国五十年文学名作文库
    
 
作者: 季羡林 主编
分册: 上   散文杂文卷
出版信息: 北京   作家出版社  1999
页数: 690页
开本: 21cm
丛书名:
单 册:
中图分类: I217.01 , I217.1
科图分类:
主题词: 文学--作品--中国--1949~1999--选集 , 文学 , 散文--中国--1949~1999--选集 , 散文 , 杂文--中国--1949~1999--选集 , 杂文
电子资源:
ISBN: 7-5063-1577-7
000 00862nam0 2200277 450
001 1548450127
005 20150124132803.53
010    @a7-5063-1577-7@b精装@dCNY47.00
100    @a20000117d1999 em y0chiy0110 ea
101 0  @achi
102    @aCN@b110000
105    @ay z 000cy
200 1  @a中华人民共和国五十年文学名作文库@9zhong hua ren min gong he guo wu shi nian wen xue ming zuo wen ku@e1949-1999@h上@i散文杂文卷@f季羡林主编
210    @a北京@c作家出版社@d1999
215    @a690页@d21cm
606 0  @a文学@x作品@y中国@z1949~1999@x选集
606 0  @a文学
606 0  @a散文@y中国@z1949~1999@x选集
606 0  @a散文
606 0  @a杂文@y中国@z1949~1999@x选集
606 0  @a杂文
690    @aI217.01@v5
690    @aI217.1@v4
701  0 @a季羡林@9ji xian lin@f(1911~2009)@4主编
801  0 @aCN@bTSSF@c20150124
905    @aZUCC@dI217.1@eJY215:1
    
    中华人民共和国五十年文学名作文库:1949-1999.上.散文杂文卷/季羡林主编.-北京:作家出版社,1999
    690页;21cm
    
    
    ISBN 7-5063-1577-7(精装):CNY47.00
    
●
相关链接 在E读中查询图书 在五车中查询图书 在当当中查询图书 在豆瓣中查询图书


正题名:中华人民共和国五十年文学名作文库     索取号:I217.1/JY215:1         预约/预借

序号 登录号 条形码 馆藏地/架位号 状态 备注
1 7854699   278546995   学院路分馆/ [索取号:I217.1/JY215:1] 在馆    
唐山师范学院图书馆 欢迎您!
大连网信软件有限公司© 版权所有